000 00456nam a2200157Ia 4500
999 _c19158
_d19158
003 OSt
005 20200623150059.0
008 190216s9999||||xx |||||||||||||| ||und||
040 _coclc
082 _a954
_bGRO/N
100 _aGrover, B L
_92648
245 0 _aA New Look Of Modern Indian History /
_c B L Grover
260 _bSterling Publications,
_c1978.
_aNew Delhi:
300 _a557p
942 _cBK
_2ddc
_h954
_iGRO/N
_k954
_mGRO/N